| 000 | 01127 a2200229 4500 | ||
|---|---|---|---|
| 003 | Nust | ||
| 005 | 20251009183843.0 | ||
| 010 | _a 94008155 | ||
| 020 | _a0890064415 (pbk.) | ||
| 040 | _cNust | ||
| 082 | 0 | 0 | _a621.3815,GRA |
| 100 | 1 |
_aCrawford, James A. _973865 |
|
| 245 | 1 | 0 |
_aFrequency synthesizer design toolkit : _bsoftware and user's manual : version 1.0 / _cJames A. Crawford. |
| 256 | _aComputer program. | ||
| 260 |
_aBoston : _bArtech House, _cc1995. |
||
| 300 |
_avii, 87 p. : _bill. ; _c29 cm. + _e1 floppy disk (3 1/2 in.) |
||
| 500 | _aTitle from title screen. | ||
| 520 | _aA four program toolkit useful for creating a variety of components in general frequency synthesizer design. Includes programs for designing lumped-element LC bandpass filters, step-recovery diode frequency multipliers, resistive attenuators, and microstrip combline bandpass filters. | ||
| 538 | _aSystem requirements: IBM AT compatible; 640K; MS-DOS 3.1 or higher; 1 floppy disk drive; co-processor recommended; EGA adapter; color monitor recommended. | ||
| 650 | 0 |
_aFrequency synthesizers _xSoftware. _9131095 |
|
| 942 |
_cREF _2ddc |
||
| 999 |
_c175677 _d175677 |
||